000 00814nam a2200301Ia 4500
001 Z_1024
003 CHAP
008 220113s1990 xx 000 0 und d
010 _a164104
040 _cCHAP
090 _aFolleto 255
100 _aInstituto de Ciencia Animal. La Habana
_9138119
245 _aEstiércol y residuales vacunos: una opción para elevar la fertilidad de los suelos ganaderos /
_cpor Instituto de Ciencia Animal
260 _aLa Habana :
_bEl Instituto,
_c1990
300 _aHoja desplegable
440 _a
500 _a
503 _a
650 _aEstiércol
_938313
650 _aEstiércol de vaca
_938326
650 _aSuelos
_xFertilidad I. t.
_9138184
901 _aFolleto 255
902 _aA
910 _a1990
942 _cc14
942 _cc14
999 _c164104
_d164104